|
|
|
|
| LEADER |
01492nam a2200385Ia 4500 |
| 001 |
EBC1077398 |
| 003 |
MiAaPQ |
| 005 |
20200520144314.0 |
| 006 |
m o d | |
| 007 |
cr cn||||||||| |
| 008 |
121010s2013 mdu s 000 0 eng d |
| 010 |
|
|
|z 2012037159
|
| 020 |
|
|
|z 9780739179819 (cloth : alk. paper)
|
| 020 |
|
|
|a 9780739179826 (electronic bk.)
|
| 035 |
|
|
|a (MiAaPQ)EBC1077398
|
| 035 |
|
|
|a (Au-PeEL)EBL1077398
|
| 035 |
|
|
|a (CaPaEBR)ebr10629418
|
| 035 |
|
|
|a (CaONFJC)MIL416804
|
| 035 |
|
|
|a (OCoLC)821265759
|
| 040 |
|
|
|a MiAaPQ
|c MiAaPQ
|d MiAaPQ
|
| 043 |
|
|
|a e------
|a a-tu---
|
| 050 |
|
4 |
|a HC241.25.T9
|b T924235 2013
|
| 082 |
0 |
4 |
|a 341.242/209561
|2 23
|
| 245 |
0 |
0 |
|a Turkey's accession to the European Union
|h [electronic resource] :
|b political and economic challenges /
|c edited by Belgin Akcay and Bahri Yilmaz.
|
| 260 |
|
|
|a Lanham, Md. :
|b Lexington Books,
|c [2013]
|
| 300 |
|
|
|a xii, 340 p.
|
| 533 |
|
|
|a Electronic reproduction. Ann Arbor, MI : ProQuest, 2015. Available via World Wide Web. Access may be limited to ProQuest affiliated libraries.
|
| 610 |
2 |
0 |
|a European Union
|z Turkey.
|
| 651 |
|
0 |
|a Europe
|x Economic integration.
|
| 651 |
|
0 |
|a European Union countries
|x Foreign relations
|z Turkey.
|
| 651 |
|
0 |
|a Turkey
|x Foreign relations
|z European Union countries.
|
| 655 |
|
4 |
|a Electronic books.
|
| 700 |
1 |
|
|a Akcay, Belgin.
|
| 710 |
2 |
|
|a ProQuest (Firm)
|
| 856 |
4 |
0 |
|u https://ebookcentral.proquest.com/lib/matrademy/detail.action?docID=1077398
|z Click to View
|